| 000 | 00341nam a22001457a 4500 | ||
|---|---|---|---|
| 003 | OSt | ||
| 005 | 20220128132025.0 | ||
| 008 | 220128b |||||||| |||| 00| 0 eng d | ||
| 020 | _a0070571503 | ||
| 040 | _cH U | ||
| 082 |
_24th _a621.38 |
||
| 100 |
_aShrader Robert L. _929037 |
||
| 245 | _aElectronic Communication | ||
| 942 |
_2ddc _cBOOKS _n0 |
||
| 999 |
_c28360 _d28360 |
||